000 01051nam a22002057a 4500
999 _c63323
_d63323
003 Ge_BSU
005 20250912180203.0
008 250912s2022 ge ||||| |||| 00| 0 geo d
020 _a9789941333545
041 _ageo
080 _a821.112.2.03=353.1 ჰ-45
100 _aჰენცი, რუდოლფ
_925805
245 _aმამათა ცოდვით დაცემა = Der Väter Sündenfall :
_b ლექსები [ქართულ და გერმანულ ენებზე] /
_cრუდოლფ ჰენცი; გერმანულიდან თარგმნა დათო ბარბაქაძემ.
264 _aთბილისი :
_bუნივერსალი,
_c2022.
300 _a112 გვ. ;
_b21 სმ.
653 _aავსტრიული პოეზია
653 _aთარგმანები ქართულ ენაზე.
700 _aბარბაქაძე, დათო
_eმთარგმნელი
_925806
942 _2udc
_cᲬᲘᲒᲜᲘ